Zeleň v byte návrhy na rozmiestnenie izbových rastlín

Bibliographic Details
Main Author: Krüger, Ursula (Author)
Other Authors: Čapková, Alena (Translator)
Format: Book
Language:Slovak
German
PhysicalDescription:143 s. fareb. fotogr. 27 cm
Published: Bratislava Nezávislosť [1997]
ISBN:8085217627
Subjects:

MARC

LEADER 00000nam a2200000 a 4500
001 vtls001317290
003 SK-MaSNL
005 20260302070315.0
008 240315s1997 xo a r 000 0 slo
015 |a SNBA1998/05-01641 
020 |a 8085217627 
035 |a SNK000269812 
035 |a urn:nbn:sk:snk-amltj5 
035 |a urn:nbn:sk:snk-am00caz2 
035 |a E7B34078-4703-4269-A940-8B2A6E55DC0B 
040 |a SNK  |b slo  |c SNK  |e AACR2 
041 1 |a slo  |h ger 
044 |a xo  |c SK 
080 |a 635.91(084.12)  |2 1981 
100 1 |a Krüger, Ursula  |4 aut  |9 45058 
240 1 0 |a Grüner wohnen  |l Slovensky 
245 1 0 |a Zeleň v byte  |b návrhy na rozmiestnenie izbových rastlín  |c Ursula Krügerová ; [z nemeckého originálu preložila Alena Čapková] 
260 |a Bratislava  |b Nezávislosť  |c [1997] 
300 |a 143 s.  |b fareb. fotogr.  |c 27 cm 
500 |a Fotogr. na front. 
500 |a Údaj o prekl. prevzatý z rubu tit. strany 
504 |a Reg. 
650 0 7 |a izbové rastliny  |2 SNKPH  |9 1079 
650 0 7 |a pestovanie rastlín  |2 SNKPH  |9 29223 
655 7 |a príručky  |2 SNKPH  |9 74364 
700 1 |a Čapková, Alena  |4 trl  |9 43247 
919 |a 80-85217-62-7 
958 |a OP 
968 |b DT 
999 |c 1146546  |d 1148476 
952 |t P60, <03>, [BOOK], {603}  |a SNK  |b SNK  |y PREZ  |7 0  |p 17A0118852  |o snkSB 58178  |i snkKSP 693/98  |0 0  |1 0  |4 0  |d 1998-01-23  |f 1  |l 0  |r 2025-04-08 00:00:00  |w 2026-02-24 
952 |t P60, <09>, [BOOK], {629}  |a SNK  |b SNK  |y NEVYP  |7 0  |o snkB 338  |i snk1085/980629  |0 0  |1 0  |4 0  |d 1998-06-24  |l 0  |r 2005-01-02 00:00:00  |w 2026-02-24 
952 |t snkKRU 582  |a SNKUST  |b SNKUST  |y PREZ  |7 0  |p 17A0118853  |o snkSB 58178 D1  |i snkKSP 694/98  |0 0  |1 0  |4 0  |d 1998-01-23  |l 0  |r 2025-03-19 00:00:00  |w 2026-02-24